Alle 9 Bundesländer Österreichs - Statistiken

Allgemein
  • Dieses Quiz wurde 162 mal gespielt
  • Das Durchschnittsergebnis liegt bei 8 aus 9
Antwortstatistiken
Hauptstadt Bundesland % Korrekt
W..n Wien
96%
Innsbruck Tirol
93%
S......g Salzburg
91%
Eisenstadt Burgenland
85%
Linz Oberösterreich
85%
St. Pölten Niederösterreich
81%
Klagenfurt amWörthersee Kärnten
78%
Graz Steiermark
74%
Bregenz Vorarlberg
70%
Keine übereinstimmenden Quizze gefunden
Verteilung der Resultate
Anzahl Personen mit jedem Resultat
Perzentil nach korrekt beantworteten Fragen
Ihre Resultats-Entwicklung
Sie haben dieses Quiz noch nicht gespielt